000 00826pam a2200265 a 4500
001 3332549
003 ARRUPE
005 20150827142131.0
008 850717s1985 ne a b 001 0 eng
010 _a 85015416
020 _a0444877304 (pbk.)
040 _aDLC
_cDLC
_dDLC
050 0 0 _aHB99.3
_b.S454 1999
082 0 0 _a330.15/5
_219
100 1 _aSen, Amartya,
_d1933-
_919000
245 1 0 _aCommodities and capabilities /
_cAmartya Sen.
260 _aNew Delhi
_bOxford University Press
_c1999
300 _a89 p. :
_bill. ;
_c20 cm.
440 0 _aProfessor Dr. P. Hennipman lectures in economics ;
_vv. 7
_919001
500 _aIncludes indexes.
504 _aBibliography: p. [107]-124.
650 0 _aWelfare economics.
_919002
906 _a7
_bcbc
_corignew
_d1
_eocip
_f19
_gy-gencatlg
942 _2lcc
_cMONOGRAPH
999 _c123150
_d123150